[Event "FIDE Online Olympiad"]
[Site "Chess.com"]
[Date "2020.08.09"]
[EventDate "2020.08.07"]
[Round "9"]
[Result "1-0"]
[White "Lorita Mwango"]
[Black "Maya Jalloul"]
[WhiteElo "1874"]
[BlackElo "1876"]
[PlyCount "83"]

1. d4 Nf6 2. Bf4 g6 3. Nf3 Bg7 4. e3 d6 5. Bc4 c5 6. c3 O-O
7. O-O d5 8. Bd3 c4 9. Bc2 Nc6 10. Nbd2 Nh5 11. Bg5 h6 12. Bh4
f5 13. Ne1 Nf6 14. h3 Qe8 15. Nef3 Ne4 16. Nxe4 fxe4 17. Nd2
Bf5 18. f3 exf3 19. Nxf3 g5 20. Bg3 Qg6 21. Bxf5 Rxf5 22. Qc2
Raf8 23. Kh2 h5 24. Rf2 h4 25. Bc7 Qh5 26. Raf1 e6 27. e4 R5f7
28. Bd6 Rd8 29. e5 g4 30. hxg4 Qxg4 31. Ng1 Qg3+ 32. Kh1 Rdd7
33. Rf3 Rxf3 34. Rxf3 Qg4 35. Qf2 Ne7 36. Rf7 h3 37. Nxh3 Rxd6
38. exd6 Nf5 39. d7 Qd1+ 40. Kh2 Kxf7 41. d8=Q Bf6 42. Qd7+
1-0

[Event "FIDE Online Olympiad"]
[Site "Chess.com"]
[Date "2020.08.14"]
[EventDate "2020.08.14"]
[Round "1"]
[Result "1-0"]
[White "Mark Paragua"]
[Black "Asyl Abdyjapar"]
[WhiteElo "2573"]
[BlackElo "2390"]
[PlyCount "39"]

1. Nf3 Nf6 2. g3 g6 3. b3 Bg7 4. Bb2 O-O 5. c4 c5 6. Bg2 b6
7. d4 Bb7 8. d5 e6 9. Nc3 exd5 10. Nxd5 Nxd5 11. Bxg7 Ne3
12. fxe3 Kxg7 13. O-O Qe7 14. Qd2 Re8 15. Ne5 Bxg2 16. Rxf7+
Qxf7 17. Nxf7 Bh3 18. Ng5 Bf5 19. Qd5 Nc6 20. Qf7+ 1-0

[Event "FIDE Online Olympiad"]
[Site "Chess.com"]
[Date "2020.08.14"]
[EventDate "2020.08.14"]
[Round "1"]
[Result "1-0"]
[White "Catherine Secopito"]
[Black "Diana Omurbekova"]
[WhiteElo "2055"]
[BlackElo "1658"]
[PlyCount "97"]

1. d4 Nf6 2. c4 g6 3. Nc3 Bg7 4. Nf3 O-O 5. g3 d6 6. Bg2 Nc6
7. O-O e5 8. dxe5 dxe5 9. Qxd8 Rxd8 10. Bg5 Be6 11. b3 h6
12. Bxf6 Bxf6 13. e4 Bg7 14. Nd5 Rd7 15. h3 Nd4 16. Nxd4 exd4
17. Rad1 c6 18. Nf4 Re8 19. Nd3 f5 20. Nc5 Rde7 21. Nxe6 Rxe6
22. exf5 gxf5 23. Bf3 Bf6 24. Kg2 R8e7 25. b4 a6 26. b5 axb5
27. cxb5 c5 28. Bd5 Kf7 29. Rfe1 Bg7 30. Kf3 Kf6 31. Rxe6+
Rxe6 32. Bxe6 Kxe6 33. Re1+ Kd5 34. Re7 Be5 35. Rxb7 c4
36. Ke2 d3+ 37. Kd2 Ke4 38. Re7 c3+ 39. Kd1 Kd4 40. Rxe5 Kxe5
41. b6 Kd6 42. a4 Kc6 43. a5 h5 44. f3 Kb7 45. g4 fxg4
46. fxg4 hxg4 47. hxg4 Ka6 48. g5 Kxa5 49. b7 1-0

[Event "FIDE Online Olympiad"]
[Site "Chess.com"]
[Date "2020.08.14"]
[EventDate "2020.08.14"]
[Round "1"]
[Result "1-0"]
[White "Michael Concio Jr"]
[Black "Aziz Degenbaev"]
[WhiteElo "2010"]
[BlackElo "1798"]
[PlyCount "91"]

1. Nf3 d5 2. g3 Nf6 3. Bg2 Bf5 4. O-O c6 5. b3 Nbd7 6. Bb2 e6
7. d3 Bd6 8. Nbd2 O-O 9. Re1 e5 10. e4 Bg4 11. h3 Bxf3
12. Nxf3 dxe4 13. dxe4 Qe7 14. Qe2 a5 15. a4 Nc5 16. Rad1 Rad8
17. Nd2 Bc7 18. Nc4 b5 19. axb5 cxb5 20. Ne3 b4 21. Qc4 Bb6
22. Nd5 Nxd5 23. exd5 Nd7 24. d6 Qf6 25. Re2 Qg6 26. Kh2 Rc8
27. Qd3 f5 28. Qb5 Rfd8 29. Bc6 f4 30. Bxd7 Bxf2 31. Qd5+ Kh8
32. Bxc8 Qxg3+ 33. Kh1 f3 34. Rxf2 Qxf2 35. Qd2 Qg3 36. Rg1 f2
37. Rxg3 f1=Q+ 38. Kh2 Rf8 39. Rg2 Qf6 40. Bg4 h6 41. d7 Rd8
42. Qe3 h5 43. Bxe5 Qe7 44. Qh6+ Kg8 45. Be6+ Kf8 46. Qh8# 1-0

[Event "FIDE Online Olympiad"]
[Site "Chess.com"]
[Date "2020.08.14"]
[EventDate "2020.08.14"]
[Round "1"]
[Result "1-0"]
[White "Irine Kharisma Sukandar"]
[Black "Jemal Ovezdurdiyeva"]
[WhiteElo "2381"]
[BlackElo "1924"]
[PlyCount "25"]

1. d4 Nf6 2. Bf4 g6 3. Nc3 d5 4. e3 Bg7 5. h4 h5 6. Nf3 Bg4
7. Qd2 c6 8. Ne5 Bf5 9. f3 Nbd7 10. O-O-O Qa5 11. Kb1 O-O
12. Be2 b6 13. Nxc6 1-0

[Event "FIDE Online Olympiad"]
[Site "Chess.com"]
[Date "2020.08.14"]
[EventDate "2020.08.14"]
[Round "1"]
[Result "1-0"]
[White "Lisandro Fernandez Reyes"]
[Black "Jose Daniel Gemy"]
[WhiteElo "2416"]
[BlackElo "2316"]
[Source "Chess-Results"]
[PlyCount "131"]

1. d4 Nf6 2. c4 e6 3. Nf3 b6 4. g3 Bb7 5. Bg2 Be7 6. O-O O-O
7. Re1 d5 8. cxd5 exd5 9. Nc3 Ne4 10. Bf4 Nd7 11. Nd2 Nxc3
12. bxc3 g5 13. Be3 f5 14. f3 f4 15. Bf2 Bd6 16. e4 fxe3
17. Rxe3 Nf6 18. Bh3 Bc8 19. Bf1 Bf5 20. Qb3 Kg7 21. Rae1 Qd7
22. c4 c6 23. Re5 h6 24. cxd5 Nxd5 25. g4 Bxe5 26. dxe5 Be6
27. Qa3 Rf4 28. Bg3 Rb4 29. Ne4 c5 30. Qc1 Qf7 31. Nf6 Rd8
32. h4 Nxf6 33. exf6+ Kxf6 34. hxg5+ Ke7 35. Bc4 Rxc4 36. Qxc4
hxg5 37. Qe4 Rd4 38. Qe3 Kd7 39. Qe5 Qe7 40. Qb8 Rd5 41. Qxa7+
Ke8 42. Qxb6 Kf7 43. Qb1 Qf6 44. Qh7+ Kf8 45. Qe4 Kf7 46. a4
Qd4+ 47. Bf2 Qxe4 48. Rxe4 Bd7 49. Rc4 Bc6 50. a5 Rd2 51. Rxc5
Ba8 52. Rxg5 Ke6 53. Rf5 Ra2 54. Kg2 Bd5 55. Kg3 Rxa5 56. Rf8
Ra3 57. Rf4 Bc6 58. g5 Bd5 59. Bd4 Ra8 60. Rf6+ Ke7 61. Kf4
Ra4 62. Ke5 Ra5 63. Bb6 Rb5 64. Kd4 Bxf3 65. Bc5+ Ke8 66. Rxf3
1-0

[Event "FIDE Online Olympiad"]
[Site "Chess.com"]
[Date "2020.08.14"]
[EventDate "2020.08.14"]
[Round "1"]
[Result "1-0"]
[White "Vladislav Kovalev"]
[Black "Aleksander Petkov Delchev"]
[WhiteElo "2633"]
[BlackElo "2630"]
[PlyCount "153"]

1. e4 e5 2. Nf3 Nc6 3. Bb5 g6 4. O-O Bg7 5. c3 a6 6. Ba4 Nge7
7. d4 exd4 8. cxd4 b5 9. Bc2 d5 10. exd5 Nb4 11. Nc3 Nxc2
12. Qxc2 O-O 13. Bg5 f6 14. Bh4 Bb7 15. Rfe1 Rf7 16. Rac1 Rc8
17. Bg3 Bxd5 18. Nxd5 Qxd5 19. a3 Nf5 20. Qc6 Qxc6 21. Rxc6
Rd7 22. Rd1 g5 23. h3 h5 24. Rxa6 g4 25. hxg4 hxg4 26. Nh4
Nxd4 27. Kf1 Rcd8 28. Ra7 Ne6 29. Re1 Kf7 30. Nf5 Bf8 31. Rb7
c6 32. Rb6 Rc8 33. b4 Nd4 34. Ne3 Re8 35. Rd1 c5 36. Nxg4 Re6
37. Rxb5 cxb4 38. axb4 Rde7 39. Rd5 Nc2 40. Kg1 Nxb4 41. Rd8
Re1+ 42. Rxe1 Rxe1+ 43. Kh2 Be7 44. Rd7 Ke6 45. Rb7 Nd5 46. f3
Re2 47. Nf2 f5 48. Nh3 Ra2 49. Rb1 Ra8 50. Re1+ Kf7 51. Re5
Nf6 52. Rxf5 Ke6 53. Rb5 Ra6 54. Ng5+ Kd7 55. Rb7+ Ke8 56. Nh3
Nh5 57. Be5 Ra2 58. Rb2 Rxb2 59. Bxb2 Bd6+ 60. Kg1 Bc5+
61. Kf1 Ng3+ 62. Ke1 Nf5 63. g4 Nh4 64. Ke2 Bd6 65. Bc1 Ng6
66. f4 Kd7 67. Kf3 Bc7 68. Bb2 Bb8 69. Bd4 Kc6 70. Ke4 Kd7
71. f5 Ne7 72. g5 Nc6 73. Bc3 Bc7 74. Nf4 Bxf4 75. Kxf4 Ne7
76. Bd4 Ke8 77. g6 1-0

[Event "FIDE Online Olympiad"]
[Site "Chess.com"]
[Date "2020.08.14"]
[EventDate "2020.08.14"]
[Round "1"]
[Result "1-0"]
[White "Tsvetan Stoyanov"]
[Black "Aleksej Gennadyevich Aleksandrov"]
[WhiteElo "2039"]
[BlackElo "2549"]
[PlyCount "161"]

1. e4 e5 2. Nf3 Nc6 3. Nc3 Nf6 4. d4 exd4 5. Nxd4 Bb4 6. Nxc6
bxc6 7. Bd3 O-O 8. O-O d5 9. exd5 cxd5 10. h3 c6 11. Qf3 Rb8
12. Bf4 Bd6 13. b3 a5 14. Rad1 Qc7 15. Bxd6 Qxd6 16. Ne2 a4
17. Rfe1 Bd7 18. Qf4 Qxf4 19. Nxf4 Rfe8 20. Kf1 Kf8 21. Rxe8+
Bxe8 22. Ne2 c5 23. Nc3 axb3 24. axb3 Ra8 25. Be2 d4 26. Bf3
Ra5 27. Nd5 Nxd5 28. Bxd5 Ra2 29. Be4 h6 30. Ke1 Ke7 31. b4
Kd6 32. bxc5+ Kxc5 33. Kd2 Bb5 34. Rb1 d3 35. Bxd3 Bc6 36. g3
Ra7 37. h4 g5 38. hxg5 hxg5 39. Re1 Kd6 40. Be4 Bd7 41. Rb1 f6
42. Rb6+ Ke5 43. Ke3 Ra3+ 44. Bd3 g4 45. Rb4 Ra1 46. Re4+ Kd6
47. Rd4+ Ke7 48. Be2 Ra2 49. Re4+ Kd6 50. Rd4+ Ke7 51. c4 f5
52. Rd2 Ra4 53. Kf4 Be6 54. Ke5 Ra5+ 55. Kd4 Ra8 56. Bd3 Kf6
57. Re2 Rd8+ 58. Kc3 Rc8 59. Rb2 Ra8 60. c5 Rc8 61. Kd4 Rd8+
62. Ke3 Rc8 63. Rc2 Ke5 64. c6 Rc7 65. Rc5+ Kd6 66. Kd4 Ra7
67. c7 Ra4+ 68. Bc4 Bc8 69. Rd5+ Kxc7 70. Rc5+ Kd8 71. Ke5 Ra3
72. Be6 Bxe6 73. Kxe6 f4 74. gxf4 Rf3 75. f5 Rxf2 76. f6 Re2+
77. Kf7 g3 78. Rd5+ Kc7 79. Rg5 g2 80. Kg7 Re1 81. Rxg2 1-0

[Event "FIDE Online Olympiad"]
[Site "Chess.com"]
[Date "2020.08.14"]
[EventDate "2020.08.14"]
[Round "1"]
[Result "1-0"]
[White "Mihail Nikitenko"]
[Black "Martin Petrov"]
[WhiteElo "2406"]
[BlackElo "2393"]
[PlyCount "73"]

1. e4 c5 2. Nf3 d6 3. d4 cxd4 4. Nxd4 Nf6 5. Nc3 a6 6. Nb3 e5
7. Bg5 Be6 8. Bxf6 Qxf6 9. Nd5 Qd8 10. Qd3 Nc6 11. O-O-O Rc8
12. a3 Be7 13. Kb1 O-O 14. g3 Re8 15. h4 Bf8 16. Bh3 Na5
17. Bxe6 fxe6 18. Ne3 b5 19. Nxa5 Qxa5 20. Qb3 Kh8 21. h5 Qb6
22. h6 g6 23. f4 exf4 24. gxf4 a5 25. f5 a4 26. Qd3 exf5
27. Nd5 fxe4 28. Qf1 Qb7 29. Qf6+ Kg8 30. Qd4 Rc4 31. Qe3 Re5
32. Nf6+ Kh8 33. Rhf1 Rc8 34. Ng4 Rd5 35. Qc3+ Kg8 36. Nf6+
Kh8 37. Nxd5+ 1-0

[Event "FIDE Online Olympiad"]
[Site "Chess.com"]
[Date "2020.08.14"]
[EventDate "2020.08.14"]
[Round "1"]
[Result "1-0"]
[White "Viktoria Radeva"]
[Black "Aliaksandra Tarasenka"]
[WhiteElo "2052"]
[BlackElo "1827"]
[PlyCount "79"]

1. e4 c5 2. Nf3 Nc6 3. d4 cxd4 4. Nxd4 Nf6 5. Nc3 e6 6. Ndb5
Bb4 7. a3 Bxc3+ 8. Nxc3 d5 9. exd5 exd5 10. Bd3 d4 11. Qe2+
Be6 12. Ne4 Nxe4 13. Qxe4 Qd7 14. O-O O-O-O 15. b4 f5 16. Qf4
g5 17. Qd2 Kb8 18. Re1 Rde8 19. b5 Ne7 20. Bb2 h6 21. Qb4 Nd5
22. Qxd4 Rhf8 23. c4 Nf4 24. Qxd7 Bxd7 25. Bf1 Ne6 26. Rad1
Bc8 27. Be5+ Ka8 28. Bd6 Rg8 29. c5 Nd8 30. Re7 Rxe7 31. Bxe7
Ne6 32. Bc4 Re8 33. Bd6 Rd8 34. Re1 Nd4 35. a4 Bd7 36. Re7 Be8
37. f3 Nc2 38. Bd5 Bd7 39. c6 bxc6 40. bxc6 1-0

[Event "FIDE Online Olympiad"]
[Site "Chess.com"]
[Date "2020.08.14"]
[EventDate "2020.08.14"]
[Round "1"]
[Result "1-0"]
[White "Julia Ryjanova"]
[Black "Diana Musabayeva"]
[WhiteElo "2259"]
[BlackElo "1517"]
[PlyCount "95"]

1. d4 Nf6 2. c4 e6 3. Nc3 Bb4 4. e3 O-O 5. Bd3 Re8 6. Ne2 Bf8
7. O-O d6 8. e4 e5 9. h3 h6 10. Be3 b6 11. Bc2 Bb7 12. d5 Nbd7
13. b4 a5 14. a3 axb4 15. axb4 Ba6 16. Bd3 Qe7 17. Qd2 Nh7
18. Ng3 Ndf6 19. Nf5 Qd7 20. Kh2 Bb7 21. f3 Reb8 22. Bc2 Rxa1
23. Rxa1 Ra8 24. Rxa8 Bxa8 25. Ba4 Qc8 26. Bb5 Bb7 27. Qa2 Qa8
28. Qxa8 Bxa8 29. Bc6 Bxc6 30. dxc6 Ne8 31. Nd5 Nhf6 32. Nxf6+
Nxf6 33. Bxb6 Ne8 34. Be3 Kh7 35. b5 g6 36. Ng3 d5 37. cxd5
Bd6 38. Nf1 f5 39. Nd2 Nf6 40. b6 cxb6 41. Bxb6 Ne8 42. Nc4
Kg7 43. Nxd6 Nxd6 44. Bc7 Nc8 45. Bxe5+ Kf7 46. d6 Ke6 47. d7
Nb6 48. d8=Q 1-0

[Event "FIDE Online Olympiad"]
[Site "Chess.com"]
[Date "2020.08.14"]
[EventDate "2020.08.14"]
[Round "1"]
[Result "1-0"]
[White "Cassandra Lim"]
[Black "Tyani De Rycke"]
[WhiteElo "1493"]
[BlackElo "1924"]
[PlyCount "109"]

1. d4 d5 2. c4 e6 3. Nc3 Nf6 4. cxd5 exd5 5. Bg5 Be7 6. e3 c6
7. Bd3 O-O 8. Nf3 Nbd7 9. Qc2 h6 10. Bh4 Re8 11. O-O Nf8
12. h3 Ne6 13. Rab1 a5 14. a3 b5 15. Ne5 Qb6 16. b4 Bb7
17. Bxf6 Bxf6 18. Bh7+ Kf8 19. Nd7+ Ke7 20. Nxb6 Ra6 21. bxa5
g6 22. Bxg6 fxg6 23. Qxg6 Rxa5 24. Nba4 Ba6 25. Nc5 Nxc5
26. dxc5 Bxc3 27. Qxc6 Rd8 28. Rfc1 Be5 29. Rb3 Rd7 30. Rd1
Bb7 31. Qxh6 Rc7 32. Qb6 Ra8 33. f4 Ra6 34. Qxb5 Bf6 35. Rxd5
Bxd5 36. Qxa6 Rxc5 37. Qa7+ Kd6 38. Rb6+ Bc6 39. e4 Rc1+
40. Kh2 Bd4 41. Rxc6+ Kxc6 42. Qxd4 Rc5 43. Qxc5+ Kxc5 44. f5
Kd6 45. a4 Ke5 46. a5 Kxe4 47. f6 Kf4 48. f7 Kg5 49. f8=Q Kg6
50. Qf4 Kh5 51. Qg4+ Kh6 52. Kg3 Kh7 53. Qg5 Kh8 54. Kf4 Kh7
55. Kf5 1-0

[Event "FIDE Online Olympiad"]
[Site "Chess.com"]
[Date "2020.08.14"]
[EventDate "2020.08.14"]
[Round "2"]
[Result "1-0"]
[White "Moulthun Ly"]
[Black "Ruslan Sezdbekov"]
[WhiteElo "2502"]
[BlackElo "2065"]
[PlyCount "85"]

1. d4 Nf6 2. Nf3 d5 3. c4 e6 4. g3 Be7 5. Bg2 O-O 6. O-O dxc4
7. Qc2 a6 8. a4 Nbd7 9. Nbd2 c5 10. dxc5 Bxc5 11. Nxc4 Qe7
12. Bf4 Nd5 13. Bd2 h6 14. a5 N7f6 15. Nfe5 Bd7 16. Nxd7 Nxd7
17. Qb3 Rab8 18. Rad1 N7f6 19. e4 Nc7 20. Bf4 Rfd8 21. Rxd8+
Qxd8 22. Rd1 Qe7 23. Bf3 h5 24. Kg2 Ng4 25. Bxg4 hxg4 26. Ne5
Rd8 27. Rxd8+ Qxd8 28. Qxb7 f6 29. Nxg4 e5 30. Be3 Qd6
31. Bxc5 Qxc5 32. Ne3 Qxa5 33. b4 Qb5 34. Qxc7 Qxb4 35. Qc8+
Kh7 36. Qxa6 Qxe4+ 37. Kg1 f5 38. Qa2 g6 39. Qc2 Qf3 40. Qc7+
Kh6 41. Qxe5 Qc6 42. Qh8+ Kg5 43. Qh4# 1-0

[Event "FIDE Online Olympiad"]
[Site "Chess.com"]
[Date "2020.08.14"]
[EventDate "2020.08.14"]
[Round "2"]
[Result "1-0"]
[White "Irina Berezina"]
[Black "Aiperi Mairambekova"]
[WhiteElo "2100"]
[BlackElo "1349"]
[PlyCount "101"]

1. d4 Nf6 2. Nf3 g6 3. g3 Bg7 4. Bg2 d5 5. c4 c6 6. Qb3 O-O
7. O-O Qb6 8. Nc3 dxc4 9. Qxc4 Be6 10. Qa4 Rd8 11. Qa3 Qc7
12. Bf4 Qd7 13. Rfd1 Nd5 14. Bg5 f6 15. Bd2 Na6 16. e4 Nxc3
17. Bxc3 Qc7 18. b4 f5 19. Ng5 Bc4 20. d5 Bxc3 21. Qxc3 cxd5
22. Ne6 d4 23. Nxc7 dxc3 24. Nxa8 Rxa8 25. Rdc1 Nxb4 26. Rxc3
b5 27. exf5 Rd8 28. fxg6 hxg6 29. a4 a6 30. axb5 axb5 31. Bf1
Bxf1 32. Kxf1 Rb8 33. Rb1 Na6 34. Rc6 Ra8 35. Ra1 b4 36. Raxa6
Rb8 37. Rab6 Ra8 38. Rxb4 Kf7 39. Rbb6 g5 40. Rg6 Ra5 41. Kg2
Re5 42. Rgc6 Ra5 43. Rb7 Re5 44. Rcc7 Kf6 45. Kf3 e6 46. Rf7+
Kg6 47. Kg4 Re4+ 48. f4 gxf4 49. Rxf4 Re5 50. h4 Ra5 51. Rbf7
1-0

[Event "FIDE Online Olympiad"]
[Site "Chess.com"]
[Date "2020.08.14"]
[EventDate "2020.08.14"]
[Round "2"]
[Result "1-0"]
[White "Cassandra Lim"]
[Black "Shakhnazi Musaeva"]
[WhiteElo "1493"]
[BlackElo "1543"]
[PlyCount "25"]

1. d4 Nf6 2. c4 e6 3. Nc3 Bb4 4. e3 O-O 5. Ne2 b6 6. a3 Bxc3+
7. Nxc3 d5 8. Qf3 Bb7 9. Bd3 c5 10. O-O Qe7 11. Qh3 Nc6
12. cxd5 exd5 13. Nxd5 1-0

[Event "FIDE Online Olympiad"]
[Site "Chess.com"]
[Date "2020.08.14"]
[EventDate "2020.08.14"]
[Round "2"]
[Result "1-0"]
[White "Antoaneta Stefanova"]
[Black "Annelies Cuvelier"]
[WhiteElo "2461"]
[BlackElo "1696"]
[PlyCount "69"]

1. d4 d5 2. Nf3 Nf6 3. e3 c5 4. Nbd2 Nc6 5. c3 Bg4 6. dxc5 e5
7. Qa4 Bd7 8. b4 a6 9. Qb3 b5 10. e4 dxe4 11. Ng5 Qe7
12. Ndxe4 Nxe4 13. Nxe4 Be6 14. Nd6+ Kd8 15. Qc2 Qc7 16. Be3
Bxd6 17. cxd6 Qb7 18. a4 Kd7 19. Bc5 f5 20. Be2 Rhg8 21. O-O
g5 22. axb5 axb5 23. Qd3 e4 24. Qxb5 Qxb5 25. Bxb5 f4 26. Rfe1
Bd5 27. c4 Be6 28. h3 Bf5 29. Ba4 h5 30. Bc2 Rxa1 31. Rxa1 Rb8
32. b5 Ne5 33. Ra7+ Ke6 34. Re7+ Kf6 35. Bd4 1-0

[Event "FIDE Online Olympiad"]
[Site "Chess.com"]
[Date "2020.08.14"]
[EventDate "2020.08.14"]
[Round "2"]
[Result "1-0"]
[White "Lanita Stetsko"]
[Black "Samiha Shimmi Sharmin"]
[WhiteElo "2167"]
[BlackElo "1852"]
[PlyCount "75"]

1. e4 d5 2. exd5 Qxd5 3. Nc3 Qd6 4. d4 Nf6 5. Nf3 c6 6. g3 Bf5
7. Bg2 e6 8. O-O Be7 9. Bf4 Qd8 10. h3 Nbd7 11. Nh4 Bg6
12. Nxg6 hxg6 13. Qe2 O-O 14. Rfe1 Qa5 15. a3 Rfe8 16. Bd2 Qc7
17. Bf4 Qa5 18. Be5 Nxe5 19. dxe5 Nd5 20. Ne4 Qc7 21. f4 Rad8
22. c4 Nb6 23. c5 Nd5 24. Nd6 Rf8 25. b4 b6 26. Bxd5 cxd5
27. Qe3 bxc5 28. bxc5 Rb8 29. Rab1 Qc6 30. Rb4 Qc7 31. Reb1
Rfd8 32. Rb7 Rxb7 33. Rxb7 Bxd6 34. Rxc7 Bxc7 35. Qd4 Rb8
36. Qa4 a5 37. Qd7 Rb7 38. Qc8+ 1-0

[Event "FIDE Online Olympiad"]
[Site "Chess.com"]
[Date "2020.08.14"]
[EventDate "2020.08.14"]
[Round "1"]
[Result "1-0"]
[White "Carla Heredia Serrano"]
[Black "Jessica Molina"]
[WhiteElo "2162"]
[BlackElo "1758"]
[Source "Chess-Results"]
[PlyCount "97"]

1. e4 b6 2. d4 Bb7 3. Nc3 e6 4. Bd3 Nf6 5. Bg5 Be7 6. Nf3 d6
7. O-O Nbd7 8. a4 h6 9. Bh4 c5 10. a5 O-O 11. a6 Bc6 12. Re1
Rb8 13. Nb5 Bxb5 14. Bxb5 d5 15. exd5 Nxd5 16. Bg3 Rc8 17. c3
N7f6 18. Ne5 Bd6 19. Qe2 cxd4 20. Nc6 Qc7 21. Nxd4 Bxg3
22. hxg3 Qc5 23. Bd3 Rfd8 24. Rad1 Ne7 25. Bb1 Qh5 26. Qxh5
Nxh5 27. Nb5 Nc6 28. Be4 Rxd1 29. Rxd1 Nf6 30. Bxc6 Rxc6
31. Nxa7 Rc7 32. Nb5 Rc8 33. a7 Nd5 34. Ra1 Ra8 35. c4 Ne7
36. Nc7 Rxa7 37. Rxa7 Nc6 38. Ra8+ Kh7 39. Na6 Na5 40. c5 bxc5
41. Nxc5 Nc4 42. b3 Nb6 43. Rb8 Nd5 44. b4 g5 45. b5 Kg7
46. b6 Kf6 47. b7 Ne7 48. Re8 Nc6 49. b8=Q 1-0

[Event "FIDE Online Olympiad"]
[Site "Chess.com"]
[Date "2020.08.14"]
[EventDate "2020.08.14"]
[Round "2"]
[Result "1-0"]
[White "Jemal Ovezdurdiyeva"]
[Black "Lara Schulze"]
[WhiteElo "1924"]
[BlackElo "2125"]
[PlyCount "83"]

1. d4 Nf6 2. c4 e6 3. Nc3 Bb4 4. e3 O-O 5. Ne2 Re8 6. a3 Bf8
7. Ng3 d5 8. Be2 b6 9. O-O c5 10. Bf3 Ba6 11. b3 cxd4 12. exd4
Nc6 13. Re1 Rc8 14. cxd5 exd5 15. Rxe8 Qxe8 16. Nxd5 Nxd5
17. Bxd5 Rd8 18. Bxc6 Qxc6 19. Be3 Bb7 20. f3 Qe6 21. Bf2 g6
22. Qd3 h5 23. Re1 Qd7 24. b4 Bg7 25. Ne2 Bf6 26. Rd1 h4
27. h3 Kg7 28. Nc3 a5 29. Ne4 Be7 30. bxa5 bxa5 31. Qc3 Bd5
32. Nc5 Qf5 33. Qxa5 Bxf3 34. gxf3 Qxh3 35. Ne4 Qxf3 36. Qe5+
Kg8 37. Rc1 Qg4+ 38. Kh2 h3 39. Rg1 Qf3 40. Qxe7 Qf4+ 41. Rg3
Rd5 42. Nf6+ 1-0

[Event "FIDE Online Olympiad"]
[Site "Chess.com"]
[Date "2020.08.14"]
[EventDate "2020.08.14"]
[Round "2"]
[Result "1-0"]
[White "Medina Warda Aulia"]
[Black "Jan Jodilyn Fronda"]
[WhiteElo "2344"]
[BlackElo "2045"]
[PlyCount "61"]

1. e4 c6 2. d4 d5 3. Nd2 dxe4 4. Nxe4 Bf5 5. Ng3 Bg6 6. Nf3
Nf6 7. h4 Nh5 8. Nxh5 Bxh5 9. Be2 Nd7 10. Bf4 e6 11. Qd2 Be7
12. O-O-O Nf6 13. Kb1 Qb6 14. Ne5 Bxe2 15. Qxe2 Nd5 16. Qf3
Nxf4 17. Qxf4 Bf6 18. Nc4 Qb4 19. Nd6+ Ke7 20. Ne4 Rhd8 21. c3
Qa5 22. g4 Kf8 23. Nxf6 gxf6 24. Qxf6 h5 25. f3 b5 26. Rhe1 b4
27. Rxe6 Kg8 28. Re5 Qb6 29. gxh5 bxc3 30. Rg1+ Kf8 31. Qg7#
1-0

[Event "FIDE Online Olympiad"]
[Site "Chess.com"]
[Date "2020.08.14"]
[EventDate "2020.08.14"]
[Round "2"]
[Result "1-0"]
[White "Daniel Quizon"]
[Black "Gilbert Elroy Tarigan"]
[WhiteElo "2164"]
[BlackElo "2084"]
[PlyCount "73"]

1. e4 e5 2. Nf3 Nc6 3. Bb5 Nf6 4. d3 d6 5. c3 Be7 6. O-O O-O
7. h3 h6 8. Nbd2 a6 9. Ba4 b5 10. Bc2 Re8 11. Re1 Bf8 12. Nf1
g6 13. a4 Rb8 14. d4 Bd7 15. Ng3 Bg7 16. axb5 axb5 17. Be3 Kh7
18. Qd2 Ra8 19. b4 Qc8 20. Bd3 Qb7 21. Rxa8 Rxa8 22. Qb2 Be8
23. Rc1 Nd7 24. h4 Ra4 25. d5 Ne7 26. h5 Nb6 27. Qe2 Qa6
28. Nd2 Ra1 29. Qd1 Rxc1 30. Qxc1 Qa2 31. Qf1 Qb2 32. Bxb5
Bxb5 33. Qxb5 Qxc3 34. Qe8 Nbc8 35. Qxf7 Qxb4 36. hxg6+ Kh8
37. Nh5 1-0

[Event "FIDE Online Olympiad"]
[Site "Chess.com"]
[Date "2020.08.14"]
[EventDate "2020.08.14"]
[Round "3"]
[Result "1-0"]
[White "Susanto Megaranto"]
[Black "Andrei Maznitsin"]
[WhiteElo "2517"]
[BlackElo "2288"]
[PlyCount "81"]

1. d4 d5 2. Nf3 Nf6 3. c4 e6 4. cxd5 exd5 5. Nc3 Be7 6. Qc2
O-O 7. Bg5 c6 8. e3 Nbd7 9. Bd3 Re8 10. O-O Nf8 11. Bh4 Ng6
12. Bg3 Bd6 13. Rab1 Bg4 14. Nd2 Rc8 15. b4 Qe7 16. a3 Bd7
17. Bf5 Bxg3 18. hxg3 Qd6 19. Rfc1 Bxf5 20. Qxf5 Re6 21. Nb3
b6 22. Rc2 Rce8 23. Rbc1 h5 24. Nd2 h4 25. Ne2 Ne4 26. Nxe4
dxe4 27. Qg5 hxg3 28. Nxg3 Ne7 29. Rc4 Rg6 30. Qe5 Qxe5
31. dxe5 Rg4 32. Nxe4 Nd5 33. Nd6 Rxc4 34. Rxc4 Rxe5 35. Rxc6
g6 36. e4 Nf6 37. Rc8+ Kg7 38. Rc7 Nxe4 39. Nxf7 Rd5 40. Ng5+
Kh6 41. Nxe4 1-0

[Event "FIDE Online Olympiad"]
[Site "Chess.com"]
[Date "2020.08.14"]
[EventDate "2020.08.14"]
[Round "3"]
[Result "1-0"]
[White "Irine Kharisma Sukandar"]
[Black "Diana Omurbekova"]
[WhiteElo "2381"]
[BlackElo "1658"]
[PlyCount "57"]

1. d4 Nf6 2. Bf4 g6 3. Nc3 Bg7 4. e4 d6 5. Qd2 O-O 6. O-O-O a6
7. Bh6 b5 8. Bxg7 Kxg7 9. f3 Bd7 10. e5 Ne8 11. h4 h5 12. Be2
f5 13. Nh3 e6 14. g4 b4 15. Nb1 Bb5 16. gxh5 gxh5 17. Rdg1+
Kf7 18. Qh6 Qd7 19. Qh7+ Ng7 20. Rxg7+ Ke8 21. Rxd7 Nxd7
22. Bxb5 axb5 23. Ng5 dxe5 24. Nxe6 Rf7 25. Nxc7+ Ke7
26. Qxf7+ Kxf7 27. Nxa8 exd4 28. Nc7 Ne5 29. Nd2 1-0

[Event "FIDE Online Olympiad"]
[Site "Chess.com"]
[Date "2020.08.14"]
[EventDate "2020.08.14"]
[Round "3"]
[Result "1-0"]
[White "Aditya Bagus Arfan"]
[Black "Aziz Degenbaev"]
[WhiteElo "1772"]
[BlackElo "1798"]
[PlyCount "125"]

1. e4 e6 2. Nf3 d5 3. Nc3 Nf6 4. e5 Nfd7 5. d4 c5 6. dxc5 Nc6
7. Bf4 Nxc5 8. Qd2 Be7 9. O-O-O a6 10. Kb1 b5 11. h4 Rb8
12. Rh3 b4 13. Ne2 Ne4 14. Qe1 Qa5 15. Nfd4 Nxd4 16. Nxd4 Nc3+
17. bxc3 bxc3+ 18. Nb3 Qb4 19. Bc1 a5 20. Qxc3 a4 21. Qxb4
Bxb4 22. Rd4 Bd7 23. Rg4 g6 24. h5 O-O 25. Rgh4 Be7 26. hxg6
Bxh4 27. gxh7+ Kh8 28. Rxh4 axb3 29. axb3 f6 30. exf6 e5
31. Rh6 Rb6 32. Bb2 d4 33. f4 Rbxf6 34. Rxf6 Rxf6 35. g3 Kxh7
36. Bd3+ Kg8 37. fxe5 Rf3 38. Bc4+ Kf8 39. Bxd4 Rxg3 40. Kb2
Ke8 41. Bd5 Rg5 42. c4 Bf5 43. Kc3 Rg4 44. Bc5 Be4 45. Bxe4
Rxe4 46. Bd6 Kd7 47. b4 Re1 48. b5 Rb1 49. Kd4 Rb2 50. Kd5
Rd2+ 51. Kc5 Rb2 52. Kb6 Ke6 53. Kc6 Rc2 54. c5 Rb2 55. b6 Kf7
56. b7 Ke6 57. b8=Q Rxb8 58. Bxb8 Ke7 59. Bd6+ Ke6 60. Kb7 Kd5
61. c6 Ke6 62. c7 Kd5 63. c8=Q 1-0

[Event "FIDE Online Olympiad"]
[Site "Chess.com"]
[Date "2020.08.14"]
[EventDate "2020.08.14"]
[Round "3"]
[Result "1-0"]
[White "Aizhan Sezdbekova"]
[Black "Laysa Latifah"]
[WhiteElo "1554"]
[BlackElo "1917"]
[PlyCount "79"]

1. e4 c6 2. Nf3 d5 3. e5 c5 4. d4 Nc6 5. c3 Bg4 6. dxc5 e6
7. Bb5 Qc7 8. Be3 Bxf3 9. Qxf3 Qxe5 10. O-O Ne7 11. Nd2 Nf5
12. Rfe1 Qf6 13. Nb3 Rc8 14. Nd4 Nxe3 15. Qxe3 Bxc5 16. Qd2
Bxd4 17. cxd4 O-O 18. Bxc6 Rxc6 19. Rac1 Rfc8 20. Rc3 h6
21. Ree3 Rc4 22. Red3 b5 23. b3 Rxc3 24. Rxc3 Rxc3 25. Qxc3
Qf5 26. Qa1 Qc2 27. h3 a5 28. f3 Kf8 29. Kh2 Qd2 30. Kh1 b4
31. Kg1 Qc3 32. Qd1 Qb2 33. Qd3 Qxa2 34. Kh2 Qb2 35. Qe3 Qc3
36. Qf2 Qxb3 37. Qh4 Kg8 38. Qd8+ Kh7 39. Qe7 Qc3 40. Qxf7 1-0

[Event "FIDE Online Olympiad"]
[Site "Chess.com"]
[Date "2020.08.14"]
[EventDate "2020.08.14"]
[Round "3"]
[Result "1-0"]
[White "Saparmyrat Atabayev"]
[Black "Aleksej Gennadyevich Aleksandrov"]
[WhiteElo "2359"]
[BlackElo "2549"]
[PlyCount "57"]

1. e4 e5 2. Nf3 Nc6 3. Bb5 Nf6 4. Nc3 Nd4 5. Bc4 d6 6. h3 g6
7. d3 Bg7 8. Nxd4 exd4 9. Ne2 Nd7 10. O-O O-O 11. f4 Nb6
12. Bb3 d5 13. e5 c5 14. c3 c4 15. Bc2 dxc3 16. bxc3 cxd3
17. Bxd3 Nc4 18. Nd4 Qa5 19. Qe1 Bd7 20. Bxc4 dxc4 21. a4 Rfe8
22. Ba3 f6 23. Bb4 Qd5 24. Nf3 Bf5 25. Bd6 Bd3 26. Rf2 Rad8
27. Qd2 Be4 28. Qxd5+ Bxd5 29. exf6 1-0